000 00531nam a2200181Ia 4500
008 240925s9999 xx 000 0 und d
020 _a9780262032933
082 _a005.1 COR
100 _aCormen ,Thomas H.; Leiserson ,Charies E.; Rivest ,Ronald L.
245 0 _aIntroduction To Algorithms
250 _a2nd
260 _aToronto:
_bMc Graw-Hill
_cNA
300 _aviii,743p.
_bNA
_fOriginal
500 _aIncludes Index
600 _aComputer Science
650 _aComputer science, information & general works
942 _cBK
999 _c7026
_d7026